00624nam a2200181 a 450000100100000000500170001000800410002702000150006804000250008310000400010824500440014825000120019226000740020430000210027850000210029995201050032099900170042500004282320201002040425.0140210s1985 sp 001 0 spa d a9684930461 aDO-SdBNPbspacBNPHU1 aBuendía, Manueld1926-198497018613aLa CIA en México /cManuel Buendía. a8a. ed. aMéxico :bEdiciones Océano : Fundación Manuel Buendía,c1985. a234 p. ;c23 cm. aIncluye índice 001050718MOaGRbGRcCTd2014-02-10iLF1l0o p42823-10r2020-06-25w2020-06-25y1ZNo se presta c42312d42312